| 000 | 01037cam a2200289 i 4500 | ||
|---|---|---|---|
| 999 |
_c57760 _d57760 |
||
| 001 | 20297761 | ||
| 005 | 20201105122140.0 | ||
| 008 | 180119s2018 enk b 001 0 eng | ||
| 010 | _a 2018932221 | ||
| 020 | _a9780198779063 | ||
| 041 | _aeng | ||
| 080 | _a339.137+342.537 W-62 | ||
| 100 | 1 |
_aWhish, Richard, _eauthor. _99701 |
|
| 245 | 1 | 0 |
_aCompetition law / _cRichard Whish, David Bailey. |
| 250 | _aNinth edition. | ||
| 264 | 1 |
_aOxford, United Kingdom : _bOxford University Press, _c2018. |
|
| 300 |
_a 1056 pages ; _c25 cm. |
||
| 650 | 0 |
_aRestraint of trade _zGreat Britain. _99702 |
|
| 650 | 0 |
_aAntitrust law _zGreat Britain. _99703 |
|
| 650 | 0 |
_aRestraint of trade _zEuropean Union countries. _99669 |
|
| 650 | 0 |
_aAntitrust law _zEuropean Union countries. _99670 |
|
| 653 | _aსამართალი | ||
| 653 | _aანტიმონოპოლური კანონი | ||
| 653 | _aვაჭრობის შეზღუდვა | ||
| 700 | 1 |
_aBailey, David _eავტორი _99704 |
|
| 942 |
_2udc _cBK |
||